| 000 | 00411nam a22001697a 4500 | ||
|---|---|---|---|
| 003 | OSt | ||
| 008 | 241022b |||||||| |||| 00| 0 eng d | ||
| 020 | _a9789812454416 | ||
| 082 | _a746.92 ed. | ||
| 100 | _aEditor | ||
| 245 | _aFashion Source: Poses | ||
| 250 | _a1st. ed. | ||
| 260 |
_aSingapore, _bPage One Publishing Private Limited, _c2006, |
||
| 300 | _a639 p. | ||
| 650 | _aB.FAD. | ||
| 942 |
_2ddc _cREF |
||
| 999 |
_c12943 _d12943 |
||